Statistiques concernant Littérature commençant par la lettre Q

Cliquez ici pour prendre le quiz!

Statistiques générales

  • Ce quiz a été pris 656 fois
  • Le résultat moyen est 11 sur 20

Statistiques - réponses

IndicesRéponses% Correct
Bossu de Notre-DameQuasimodo
97%
Partie de son corps que Tigrou utilise pour bondirQueue
95%
Nombre de voleurs épiés par Ali BabaQuarante
94%
Sport emblématique du monde des sorciers de RowlingQuidditch
85%
Il se bat contre des moulins à ventDon Quichotte
83%
Un sonnet se compose de deux _________ et deux tercetsQuatrains
81%
Elle peut être du Graal chez Troyes ou d'Ewilan chez BotteroQuête
78%
Femme médecin dont la série télévisée inspira certains livresDr Quinn
71%
Livre mettant en scène Meg, Jo, Beth et Amy pendant la guerre de SécessionLes {Quatre} {Filles} {du} {docteur} {March}
66%
Groupes de héros dont font notamment partie la Femme invisible, la Torche et la ChoseQuatre Fantastiques
65%
Romancier surréaliste puis membre de l'Oulipo ayant publié Zazie dans le métroRaymond Queneau
60%
Province d'origine du romancier Michel Tremblay, du traducteur Daniel Lauzon,...Québec
52%
Pays d'origine de Isaac de Ninive, saint orthodoxe mais aussi écrivain et théologienQatar
50%
Professeur de Défense contre les forces du mal dans Harry Potter à l'école des sorciersQuirinus Quirrell
49%
"Où vas-tu?" latin tiré des Actes de Pierre donnant son nom à plusieurs œuvres littérairesQuo vadis?
43%
Pokémon Patient, bleu de type Psy, occupant une place centrale dans l'animé en tant que membre de la Team Rocket alors que très effacé dans le mangaQulbutoké
22%
Roman de Jean Echenoz publié en 2012 s'attachant à la description de la Première Guerre mondiale14
6%
Rhéteur latin, ami de Pline l'Ancien et maître du neveu de celui-ciQuintilien
5%
Roman marquant la première apparition de l'héroïne de romans policiers Agatha RaisinLa {Quiche} {fatale}
4%
Région méridionale du Pays d'OzQuadling
1%

Distribution des résultats

Percentile par nombre de réponses

% des personnes avec chaque résultat

Votre développement - résultats

Vous n’avez pas pris ce quiz